| 000 | 01051nam a22001697a 4500 | ||
|---|---|---|---|
| 003 | OSt | ||
| 005 | 20240524113128.0 | ||
| 008 | 240524s ag ||||| |||| 00| 0 spa d | ||
| 020 | _a9307828354 | ||
| 040 | _cbesoc | ||
| 100 |
_aKindersley, Dorling. _eautor |
||
| 245 |
_aAnfibios _bSapos, Ranas, tritones y salamandras: estos antiguos vertebrados de sangre fría se mueven en la tierra y agua, y sorprenden con su fascinante ciclo _cDorling Kindersley |
||
| 260 |
_aBuenos Aires: _bGrafico Editorial Argentino _c2006 |
||
| 300 | _a63 p. | ||
| 520 | _aEste tomo de LA NUEVA ENCICLOPEDIA VISUAL CLARIN muestra con fotos, dibujos e infografías el extraordinario mundo de los anfibios. Se Puede Conocer como es el esqueleto de una salamandra gigante, y de que manera un sapo hembra lleva sus huevos en el lomo. Se puede ver el asombroso camuflaje que utilizan los sapos de vientre de fuego. Y la metamorfosis completa de un anfibio. Se puede descubrir como puede respirar una salamandra sin pulmones, y porque muda de piel una rana. | ||
| 942 |
_2udc _cLPD _n0 |
||
| 999 |
_c247 _d247 |
||